000 01708nam a2200481 i 4500
001 34643
003 KOSZ 005
005 20220824101118.0
008 220505s1985 pl a f e 000 0 pol
015 _aPB 1985/8501
020 _a8322001967
035 _a(PL-WaBN)b12154246-48omnis_nlop
035 _ab12154246
035 _a(OCoLC)830183626
035 _a(PL)b0000012154246
040 _aWA N
_cWA N
_dKOSZ 005/HR
_dKOSZ 005/RW
046 _k1985
080 _a551.2/.3
080 _a(03)
100 1 _aJaroszewski, Wojciech
_d(1935-1993)
_eAutor
_eRedakcja
245 1 0 _aSłownik geologii dynamicznej /
_cWojciech Jaroszewski, Leszek Marks, Andrzej Radomski ; pod redakcją naukową W. Jaroszewskiego.
250 _aWydanie I.
260 _aWarszawa :
_bWydawnictwa Geologiczne,
_c1985.
300 _a310 stron, [16] stron fotografii kolorowych :
_bmapy, rysunki, wykresy ;
_c21 cm.
336 _aTekst
_btxt
_2rdacontent
337 _aBez urządzenia pośredniczącego
_bn
_2rdamedia
338 _aWolumin
_bnc
_2rdacarrier
380 _aKsiążki
380 _aPublikacje informacyjne
380 _aPublikacje fachowe
388 1 _a1901-2000
388 1 _a1945-1989
504 _aBibliografia na stronach [309]-310.
650 7 _aGeologia dynamiczna
_2DBN
655 7 _aEncyklopedia
_2DBN
658 _aGeografia i nauki o Ziemi
700 1 _aMarks, Leszek
_d(1951- )
_eAutor
700 1 _aRadomski, Andrzej
_d(1929-2007)
_eAutor
710 2 _aWydawnictwa Geologiczne
_4pbl
856 _uhttp://koha.tu.koszalin.pl/cgi-bin/koha/opac-detail.pl?biblionumber=34643
_yKatalog online BPK
942 _2UKD
_cKS
999 _c34643
_d34643